000
00283nam a22001337a 4500
008
180202b xxu||||| |||| 00| 0 eng d
020
_a
9780683404593
041
_a
eng
080
_a
61
100
_a
2
101
_a
shm
245
_a
abbreavistions
_c
michael.m
942
_2
udc
_c
BK
999
_c
41592
_d
41592